| 000 | 00366nam a2200133Ia 4500 | ||
|---|---|---|---|
| 008 | 240624s9999 xx 000 0 und d | ||
| 041 | _aeng | ||
| 082 | _a658.4022 ANC | ||
| 100 | _aANCONA DEBORAH | ||
| 245 | _aX TEAMS HOW TO BUILD TEAMS THAT LEAD INN | ||
| 260 |
_c2007 _aBoston _bHarvard Businesss School Press |
||
| 300 | _axi, : 260 : . : cm. ; 24 | ||
| 365 |
_c _b30 |
||
| 999 |
_c7489 _d7489 |
||